Global business today, postscript 2002 / (Record no. 345634)

000 -LEADER
fixed length control field 00637 a2200193 4500
020 ## - INTERNATIONAL STANDARD BOOK NUMBER
International Standard Book Number 0072499575
020 ## - INTERNATIONAL STANDARD BOOK NUMBER
International Standard Book Number 9780072499575
082 04 - DEWEY DECIMAL CLASSIFICATION NUMBER
Classification number 658.049
090 ## - LOCALLY ASSIGNED LC-TYPE CALL NUMBER (OCLC); LOCAL CALL NUMBER (RLIN)
-- 3145
-- 3145
100 1# - MAIN ENTRY--PERSONAL NAME
Personal name Hill, Charles W. L.
245 10 - TITLE STATEMENT
Title Global business today, postscript 2002 /
Statement of responsibility, etc. Charles W. L. Hill.
250 ## - EDITION STATEMENT
Edition statement 2nd ed.
260 ## - PUBLICATION, DISTRIBUTION, ETC.
Place of publication, distribution, etc. [S.l.] :
Name of publisher, distributor, etc. Mcgraw-Hill College,
Date of publication, distribution, etc. 2001.
300 ## - PHYSICAL DESCRIPTION
Extent 530 p.
500 ## - GENERAL NOTE
General note Paperback.
856 40 - ELECTRONIC LOCATION AND ACCESS
Materials specified Amazon.com
Uniform Resource Identifier <a href="http://www.amazon.com/exec/obidos/ASIN/0072499575/chopaconline-20">http://www.amazon.com/exec/obidos/ASIN/0072499575/chopaconline-20</a>
856 40 - ELECTRONIC LOCATION AND ACCESS
Materials specified Amazon customer reviews
Uniform Resource Identifier <a href="http://www.chopac.org/cgi-bin/tools/azrev.pl?q=0072499575">http://www.chopac.org/cgi-bin/tools/azrev.pl?q=0072499575</a>
942 ## - ADDED ENTRY ELEMENTS (KOHA)
Institution code [OBSOLETE] NBS
Koha item type Book
Call number prefix 658.049 HIL
Holdings
Withdrawn status Lost status Damaged status Not for loan Permanent Location Current Location Date acquired Total Checkouts Full call number Barcode Date last seen Price effective from Koha item type
        Central Library (CL) Central Library (CL) 08/28/2013   658.049 HIL NBS4691 08/28/2013 08/28/2013 Book
© 2023 Central Library, National University of Sciences and Technology. All Rights Reserved.